| 000 -ლიდერი |
| ფიქსირებული სიგრძის საკონტროლო ველი |
01457nam a2200253Ia 4500 |
| 001 - საკონტროლო ნომერი |
| საკონტროლო ველი |
7669 |
| 003 - საკონტროლო ნომრის იდენტიფიკატორი |
| საკონტროლო ველი |
GE_BSU |
| 005 - ბოლო ოპერაციის თარიღი და დრო |
| საკონტროლო ველი |
20220922094843.0 |
| 008 - ფიქსირებული სიგრძის მონაცემთა ელემენტები - ზოგადი ინფორმაცია |
| ფიქსირებული სიგრძის საკონტროლო ველი |
181216s2013ge xx |||||||||||||| ||geo|| |
| 010 ## - კონგრესის ბიბლიოთეკის საკონტროლო ნომერი |
| LC საკონტროლო ნომერი |
9789941434570. |
| 040 ## - კატალოგიზაციის წყარო |
| Transcribing agency |
GE_BSU |
| 041 ## - ენის კოდი |
| Language code of text/sound track or separate title |
geo |
| 080 ## - უნივერსალური ათობითი კლასიფიკაციის ინდექსი |
| Universal Decimal Classification number |
008+81'243+378 ნ-21 |
| 100 ## - მთავარი ჩანაწერი - პიროვნების სახელი |
| Personal name |
ნაკაშიძე-მახარაძე,თათია. |
| 9 (RLIN) |
14668 |
| 245 ## - ცნობა სათაურის შესახებ |
| Title |
კულტურათა დიალოგის ჩართვა საგანმანათლებლო პროგრამებში : |
| Remainder of title |
უცხოური ენის სწავლება/სწავლის მაგალითზე / |
| Statement of responsibility, etc |
თათია ნაკაშიძე-მახარაძე, რედ. ციალა მეგრელაძე. |
| 264 ## - წარმოების, გამოცემის, დისტრიბუციის და სხვა ცნობები |
| გამოცემის, წარმოების, დისტრიბუციის... ადგილი |
ბათუმი : |
| გამოცემის, წარმოების, დისტრიბუციის... სახელწოდება |
შოთა რუსთაველის სახელმწ.უნ-ტის გამ-ბა. |
| გამოცემის, წარმოების, დისტრიბუციის... თარიღი |
2013. |
| 300 ## - ფიზიკური აღწერა |
| Extent |
288 გვ;. |
| Dimensions |
21 სმ. |
| 504 ## - BIBLIOGRAPHY, ETC. NOTE |
| Bibliography, etc |
ბიბლიოგრ.: გვ. 236-249. სიტყვ.საძ.-285-287. |
| 653 ## - INDEX TERM--UNCONTROLLED |
| Uncontrolled term |
კულტურათა დიალოგის ჩართვა საგანმანათლებლო პროგრამებში. |
| 653 ## - INDEX TERM--UNCONTROLLED |
| Uncontrolled term |
ცივილიზაცია კულტურა |
| 700 ## - ADDED ENTRY--PERSONAL NAME |
| Personal name |
მეგრელაძე, ციალა |
| Relator term |
რედაქტორი |
| 9 (RLIN) |
1081 |
| 942 ## - ADDED ENTRY ELEMENTS (KOHA) |
| Koha item type |
წიგნი |
| Source of classification or shelving scheme |
|